Microsoft Encarta -2005 Encyclopedia Standard (Record no. 106910)

MARC details
000 -LEADER
fixed length control field 00302pam a2200121 a 4500
020 ## - INTERNATIONAL STANDARD BOOK NUMBER
Terms of availability
041 ## - LANGUAGE CODE
Language code of original
082 ## - DEWEY DECIMAL CLASSIFICATION NUMBER
Classification number 4.0000000000000001E-2
Item number MIC
100 ## - MAIN ENTRY--PERSONAL NAME
Personal name Microsoft
245 ## - TITLE STATEMENT
Title Microsoft Encarta -2005 Encyclopedia Standard
Medium Textual Documents
260 ## - PUBLICATION, DISTRIBUTION, ETC.
Place of publication, distribution, etc. Mumbai
Name of publisher, distributor, etc. Maharashtra State
930 ## - EQUIVALENCE OR CROSS-REFERENCE-UNIFORM TITLE HEADING [LOCAL, CANADA]
Uniform title 77
Holdings
Withdrawn status Lost status Damaged status Not for loan Collection Home library Current library Shelving location Date acquired Source of acquisition Cost, normal purchase price Total Checkouts Full call number Barcode Date last seen Copy number Price effective from Koha item type
          Abhijit Kadam Institute of Management & Social Science, Solapur Abhijit Kadam Institute of Management & Social Science, Solapur   31/08/2004 Goel Book Agency 1299.00   4.0000000000000001E-2 MIC AKS-M-05565 01/03/2023 1 01/03/2023 Book